00594nam a2200133Ia 45000010005000000080041000050820021000461000021000672450300000882600024003885900007004129010026004199990015004452987241024s9999 xx 000 0 und d aRD/370.71/SC347e aSylvia Schmelkes 0aLa evaluación del desempeño docente. Estado de la cuestión, (borrador para discusión). 3era. reunión técnica estrategia regional sobre docentes, Santo Domingo 6 y 7 de junio de 2013. (Profesores para una educación para todos, proyectos estratégicos regional sobre docentes, OREAL bSanto Domingoc2013 asi a9/7/2013 2:42:44 p.m. c9190d9190